50 [i.e. cincuenta] Jahre moderne kunst (Record no. 10009)

MARC details
000 -CABECERA
campo de control de longitud fija 00611nam a2200205 a 4500
001 - NÚMERO DE CONTROL
campo de control BRL_1197
005 - FECHA Y HORA DE LA ÚLTIMA TRANSACCIÓN
campo de control 20190320211058.0
008 - DATOS DE LONGITUD FIJA--INFORMACIÓN GENERAL
campo de control de longitud fija 261113s1959----gw-a######---#000-0#ger-#
041 ## - CÓDIGO DE LENGUA
Código de lengua del texto/banda sonora o título independiente ger
044 ## - CÓDIGO DEL PAÍS DE LA ENTIDAD EDITORA/PRODUCTORA
Código MARC del país gw
050 #4 - SIGNATURA TOPOGRÁFICA DE LA BIBLIOTECA DEL CONGRESO
Número de clasificación N6488.G3
Número de documento/Ítem .J34 1959
245 10 - MENCIÓN DE TÍTULO
Título 50 [i.e. cincuenta] Jahre moderne kunst
Resto del título 305 Abbildungen und 32 Farbtafeln
Mención de responsabilidad, etc. Mit einer Einführung von Emile Langui.
260 ## - PUBLICACIÓN, DISTRIBUCIÓN, ETC.
Lugar de publicación, distribución, etc. Köln
Nombre del editor, distribuidor, etc. M. DuMont Schauberg
Fecha de publicación, distribución, etc. 1959
300 ## - DESCRIPCIÓN FÍSICA
Extensión 336 p.
Otras características físicas il., láminas
Dimensiones 26 cm.
500 ## - NOTA GENERAL
Nota general Au1393
650 14 - PUNTO DE ACCESO ADICIONAL DE MATERIA--TÉRMINO DE MATERIA
Término de materia o nombre geográfico como elemento de entrada Arte moderno
Subdivisión de forma Catálogos
9 (RLIN) 26081
700 1# - PUNTO DE ACCESO ADICIONAL--NOMBRE DE PERSONA
Nombre de persona Langui, Emile
9 (RLIN) 26082
902 ## - CATALOGADOR
Iniciales GRL
942 ## - ELEMENTOS DE PUNTO DE ACCESO ADICIONAL (KOHA)
Fuente del sistema de clasificación o colocación Library of Congress Classification
Tipo de ítem Koha Libros
Holdings
Estado de retiro Estado de pérdida Estado dañado No para préstamo Localización permanente Ubicación/localización actual Fecha de adquisición Número de inventario Total de préstamos Signatura topográfica completa Código de barras Fecha visto por última vez Precio válido a partir de Tipo de ítem Koha
El ejemplar forma parte de la colección y puede ser consultado según las políticas vigentes.       Biblioteca Centro de Estudios Ruth D. Lechuga Biblioteca Centro de Estudios Ruth D. Lechuga 26/11/2013 Au1393   N6488.G3 .J34 1959 (Au1393) GRL01314 22/03/2019 22/03/2019 Libros